Risultati Serie A 2023-2024 - 30ª giornata - Statistics

Statistiche generali
  • Questo quiz è stato fatto 5 volte
  • Il punteggio medio è 5 su 10
Statistiche sulle risposte
Hint Risposta % Corretto
Napoli-Atalanta 0-3
80%
Inter-Empoli 2-0
80%
Bologna-Salernitana 3-0
80%
Lazio-Juventus 1-0
60%
Sassuolo-Udinese 1-1
60%
Cagliari-Verona 1-1
40%
Fiorentina-Milan 1-2
40%
Lecce-Roma 0-0
20%
Genoa-Frosinone 1-1
20%
Torino-Monza 1-0
0%
Nessun quiz corrispondente trovato
Distribuzione punteggi
Percentuale di utenti per punteggio
Percentile per numero di risposta
I tuoi punteggi nel tempo
Non hai fatto questo quiz